Low-speed wind-tunnel tests of a number of fin configurations on a flat-plate gothic wing of unit aspect ratio /

Bibliographic Details
Main Author: Peckham, D. H.
Format: Book
Language:English
Published: London : H.M. Stationery Off, 1969.
Series:Current papers (Aeronautical Research Council (Great Britain)) ; no. 1076.
Subjects:

MARC

Tag First Indicator Second Indicator Subfields
LEADER 00000cam a2200000 4500
001 in00000093409
005 20150927070142.0
008 711101s1969 enk 00010 eng
010 |a  72855052  
015 |a B*** 
020 |a 0114702764  |c 3/6 
035 |a (OCoLC)00201834 
035 |9 AAL5254AM 
040 |a DLC  |c DLC  |d TXA  |d UtOrBLW 
049 |a TXAM  |c [1146699] 
050 0 0 |a TL507  |b .G77 no. 1076 
082 0 |a 629.13/008 s 
100 1 |a Peckham, D. H. 
245 1 0 |a Low-speed wind-tunnel tests of a number of fin configurations on a flat-plate gothic wing of unit aspect ratio /  |c by D. H. Peckham. 
264 1 |a London :  |b H.M. Stationery Off,  |c 1969. 
300 |a 7 pages, 6 unnumbered pages ;  |c 30 cm. 
336 |a text  |b txt  |2 rdacontent 
337 |a unmediated  |b n  |2 rdamedia 
338 |a volume  |b nc  |2 rdacarrier 
490 1 |a Aeronautical Research Council. Current papers, no. 1076 
500 |a Cover title. 
650 0 |a Airplanes  |x Control surfaces. 
650 0 |a Aspect ratio (Aerofoils) 
650 0 |a Wind tunnels. 
830 0 |a Current papers (Aeronautical Research Council (Great Britain)) ;  |v no. 1076. 
999 |a MARS 
999 f f |s dc7e06e4-ead2-3556-869a-8e958c2ff453  |i f453c2c7-7f01-3975-be71-6451c3110b8e  |t 0 
952 f f |p ric  |a Texas A&M University  |b Rellis Campus  |c Joint Library Facility  |d Remote Storage  |t 0  |e TL507 .G77 no. 1076  |h Library of Congress classification  |i unmediated -- volume  |m A14851099524 
998 f f |a TL507 .G77 no. 1076  |t 0  |l Remote Storage